| 000 | 01002nam a2200181Ia 4500 | ||
|---|---|---|---|
| 008 | 100921s9999 xx 000 0 und d | ||
| 082 |
_b6356 _a320 थ 89 |
||
| 100 | _aपाटील पी.बी.संपा. | ||
| 245 | _aपंचायत राज्य जिल्हा नियोजन आणि ग्रामीण विकास परिसंवाद. | ||
| 260 |
_bयशवंतराव चव्हाण प्रतिष्ठान,मुंबई. _c1989 |
||
| 300 |
_a328 _b--- |
||
| 365 | _b100 | ||
| 520 | _aस.शा.राज्यशास्त्र. | ||
| 630 | _aपंचायत राज्य जिल्हा नियोजन आणि ग्रामीण विकास परिसंवाद. | ||
| 650 | _aस.शा.राज्यशास्त्र. | ||
| 730 | _aपंचायत राज्य जिल्हा नियोजन आणि ग्रामीण विकास परिसंवाद. | ||
| 942 | _cBOOK | ||
| 999 |
_c755469 _d755466 |
||